=LDR 00000nam 2200000 4500 =001 INLIS000000000022928 =005 20130612121631 =008 ***********************************Ind** =035 ##$$0010-061300000022928 =041 ##$$a Ind =082 ##$$a 2x9.84 =090 ##$$a 2x9.84, Sya l =100 ##$$a Asy-Syarnasy, Ahmad =245 ##$$a 4 muatiara zaman, biografi empat imam mazhab, Dr. Ahmad Asy-Syarbasy =260 ##$$a 2003 $b Jakarta =300 ##$$a 224 hlm, 23 cm =650 ##$$a Biografi, Ahli Fiqih =850 ##$$a NBPNMAT